Cases in Operations Management

Saved in:
Bibliographic Details
Main Author: Heyl, Jeff E.
Other Authors: Bushnell, Jon L., Stone, Linda A.
Format: Book
Language:English
Published: Reading Addison-Wesley Publ. Co. 1994
Edition:1. ed.
Subjects:
Tags: Add Tag
No Tags, Be the first to tag this record!

MARC

LEADER 00000nam a2200000 4500
001 c019744
005 20221205140354.7
020 |a 0-201-53289-1 
041 0 |a eng 
044 |a US 
245 1 0 |a Cases in Operations Management  |c Jeff E. Heyl, Jon L. Bushnell, Linda A. Stone 
250 |a 1. ed. 
264 1 |a Reading  |b Addison-Wesley Publ. Co.  |c 1994 
300 |a 207 s. 
610 2 0 |a riadenie podnikové 
610 2 0 |a manažment 
610 2 0 |a štúdie prípadové 
610 2 0 |a riadenie výroby 
100 1 |a Heyl, Jeff E. 
700 1 |a Bushnell, Jon L. 
700 1 |a Stone, Linda A.